| 000 | 01058cam a2200301ui 4500 | ||
|---|---|---|---|
| 999 |
_c200431240 _d49452 |
||
| 001 | 200431240 | ||
| 003 | TR-AnTOB | ||
| 005 | 20240404111052.0 | ||
| 007 | ta | ||
| 008 | s1964 Tu e Tur | ||
| 040 |
_aDEUX _beng _erda _cTR-AnTOB _dTR-AnTOB |
||
| 041 | 0 | _atur | |
| 050 |
_aHG1165 _b.B46 1964 |
||
| 090 |
_aHG1165 _b.B46 1964 |
||
| 100 | 1 |
_aBener, Erhan, _d1928-2007 _eauthor _968404 |
|
| 245 | 1 | 0 |
_aGörünmeyen Muameleler (Hizmetler, Dış Seyahatler) ve Bedelsiz İthalat / _cErhan Bener. |
| 264 | 1 |
_aAnkara : _bTürkiye iş bankası kültür yayınları, _c1964. |
|
| 300 |
_a502 pages : _bforms ; _c24 cm |
||
| 336 |
_atext _btxt _2rdacontent |
||
| 337 |
_aunmediated _bn _2rdamedia |
||
| 338 |
_avolume _bnc _2rdacarrier |
||
| 490 | 0 |
_a Açıklamalı notlu Türk parası kıymetini koruma mevzuatı ; _v5. kitap |
|
| 650 | 7 |
_aKambiyo _xHukuk ve mevzuat _zTürkiye _2etuturkob _943730 |
|
| 650 | 0 |
_aGümrük tarifesi _xHukuk ve mevzuat _zTürkiye _988533 |
|
| 942 |
_2lcc _cBK |
||